Accounting : (Record no. 345877)
[ view plain ]
| 000 -LEADER | |
|---|---|
| fixed length control field | 01225 a2200217 4500 |
| 020 ## - INTERNATIONAL STANDARD BOOK NUMBER | |
| International Standard Book Number | 0072379006 |
| 020 ## - INTERNATIONAL STANDARD BOOK NUMBER | |
| International Standard Book Number | 9780072379006 |
| 090 ## - LOCALLY ASSIGNED LC-TYPE CALL NUMBER (OCLC); LOCAL CALL NUMBER (RLIN) | |
| -- | 3397 |
| -- | 3397 |
| 100 1# - MAIN ENTRY--PERSONAL NAME | |
| Personal name | Marshall, David H. |
| 245 10 - TITLE STATEMENT | |
| Title | Accounting : |
| Remainder of title | what the numbers mean / |
| Statement of responsibility, etc. | David H. Marshall. |
| 250 ## - EDITION STATEMENT | |
| Edition statement | 5th ed. |
| 260 ## - PUBLICATION, DISTRIBUTION, ETC. | |
| Place of publication, distribution, etc. | [S.l.] : |
| Name of publisher, distributor, etc. | Mcgraw-Hill College, |
| Date of publication, distribution, etc. | 2001. |
| 300 ## - PHYSICAL DESCRIPTION | |
| Extent | 1 v. (unpaged) ; |
| Dimensions | 26 cm. |
| 500 ## - GENERAL NOTE | |
| General note | Hardcover. |
| 520 ## - SUMMARY, ETC. | |
| Summary, etc. | Ideal for a survey course, this text is written to meet the needs of non-accountants who need to gain a basic understanding of how to use accounting information and make financial decisions. The reader is introduced to basic concepts such as: what accounting information is, what it means, and how it is used. Students are exposed to financial statements and learn what they do and do not communicate. This text covers financial and managerial accounting concepts. A complete annual report is included in an appendix. |
| 700 1# - ADDED ENTRY--PERSONAL NAME | |
| Personal name | McManus, Wayne W. |
| 700 1# - ADDED ENTRY--PERSONAL NAME | |
| Personal name | Viele, Daniel F. |
| 856 40 - ELECTRONIC LOCATION AND ACCESS | |
| Materials specified | Amazon.com |
| Uniform Resource Identifier | <a href="http://www.amazon.com/exec/obidos/ASIN/0072379006/chopaconline-20">http://www.amazon.com/exec/obidos/ASIN/0072379006/chopaconline-20</a> |
| 856 40 - ELECTRONIC LOCATION AND ACCESS | |
| Materials specified | Amazon customer reviews |
| Uniform Resource Identifier | <a href="http://www.chopac.org/cgi-bin/tools/azrev.pl?q=0072379006">http://www.chopac.org/cgi-bin/tools/azrev.pl?q=0072379006</a> |
| 942 ## - ADDED ENTRY ELEMENTS (KOHA) | |
| Institution code [OBSOLETE] | NBS |
| Koha item type | Book |
| Call number prefix | 657.3 MAR |
| Withdrawn status | Lost status | Damaged status | Not for loan | Permanent Location | Current Location | Date acquired | Total Checkouts | Full call number | Barcode | Date last seen | Date last checked out | Price effective from | Koha item type |
|---|---|---|---|---|---|---|---|---|---|---|---|---|---|
| Central Library (CL) | Central Library (CL) | 08/28/2013 | 1 | 657.3 MAR | NBS6695 | 11/20/2017 | 09/26/2017 | 08/28/2013 | Book | ||||
| Central Library (CL) | Central Library (CL) | 08/28/2013 | 657.3 MAR | NBS5115 | 08/28/2013 | 08/28/2013 | Book |
